Význam univerzity pri tvorbe kategoriálneho aparátu

Poukázanie na nesprávne používanie kategórií a pojmov v ekonomickej oblasti. Na označenie toho istého javu alebo procesu existuje niekoľko pojmov. Niekoľko príkladov nesprávnej formulácie obsahu kategórie v zákonných normách a vyhláškach. Pojmy diskontná sadzba, diskontný faktor, hodnota obligácie a...

Ausführliche Beschreibung

Gespeichert in:
Bibliographische Detailangaben
1. Verfasser: Hrvoľová, Božena
Format: Buchkapitel
Sprache:Slowakisch
Schlagworte:
Tags: Tag hinzufügen
Keine Tags, Fügen Sie das erste Tag hinzu!

MARC

LEADER 00000naa$a2200000$$$4500
001 0018346
005 20240502071405.8
041 0 |a slo 
044 |a SK 
245 1 0 |a Význam univerzity pri tvorbe kategoriálneho aparátu  |c aut. Božena Hrvoľová 
520 |a Poukázanie na nesprávne používanie kategórií a pojmov v ekonomickej oblasti. Na označenie toho istého javu alebo procesu existuje niekoľko pojmov. Niekoľko príkladov nesprávnej formulácie obsahu kategórie v zákonných normách a vyhláškach. Pojmy diskontná sadzba, diskontný faktor, hodnota obligácie a i. 
610 2 0 |a terminológia 
610 2 0 |a pojmy 
610 2 0 |a ekonómia 
610 2 0 |a kategórie ekonomické 
610 2 0 |a sadzby diskontné 
610 2 0 |a hodnota reálna 
610 2 0 |a veda ekonomická 
100 1 |a Hrvoľová, Božena